Statistics for Science Knowledge 2

Click here to take the quiz!

General Stats

  • This quiz has been taken 37 times
  • The average score is 4 of 15

Answer Stats

QuestionAnswer% Correct
Physics is the best, true of false?True
67%
When negating water area, which country has the second largest area (largest area bar russia)?China
64%
if something moved at 340 metres per second, it would be travelling at what?The speed of sound
50%
Which Scottish university had both James Clerk Maxwell and Nobel prize winner Peter Higgs work for them?University of Edinburgh
44%
ascorbutic is more commonly known as what?Vitamin C
31%
What condition has to be applied for Everest to be the tallest mountain in the world?Above Sea Level
25%
The mathematical process mostly used to find the tangent's gradient.Differentiation
19%
Which physicist then went on to correct him?Neil Degrasse Tyson
19%
The European space agency recently sent a British man into space, which BBC news reported on often (Way too often). Who was that man?Timothy Nigel Peake
17%
The general theory of relativity states that gravity can_____ _____ timeSlow down
17%
The moon landing was theorized to actually be a film studio, filmed in what location?area 51
14%
the international space station does actually have gravity, but the station is in constant _____ so it is not observed from a lack of contact forces.Freefall
14%
Which Musical "Artist" tweeted that the Earth was flat?B.o.B
8%
The most well known species in a domain is referred to as a what?Model Organism
3%
Gamma Radiation is an example of which type of wave?Transverse waves
3%

Score Distribution

Percentile by Number Answered

Percent of People with Each Score

Your Score History

You have not taken this quiz